Foundation design and practice (Record no. 43864)

MARC details
000 -LEADER
fixed length control field 00547nam a2200157 a 4500
008 - FIXED-LENGTH DATA ELEMENTS--GENERAL INFORMATION
fixed length control field 120416s0000 ||||||||||||||||| || u
020 ## - INTERNATIONAL STANDARD BOOK NUMBER
International Standard Book Number 0231020953
050 ## - LIBRARY OF CONGRESS CALL NUMBER
Classification number TH 2101 Tho
100 ## - MAIN ENTRY--PERSONAL NAME
Personal name Thornley, J. H
245 10 - TITLE STATEMENT
Title Foundation design and practice
246 ## - VARYING FORM OF TITLE
Title proper/short title an economic view
260 ## - PUBLICATION, DISTRIBUTION, ETC.
Place of publication, distribution, etc. New York
Name of publisher, distributor, etc. Columbia University Press
Date of publication, distribution, etc. 1959
300 ## - PHYSICAL DESCRIPTION
Extent xi, 295p. : ill.
350 ## - PRICE (NR) (BK AM CF MU VM SE) [OBSOLETE]
Price 0.00
995 ## - RECOMMENDATION 995 [LOCAL, UNIMARC FRANCE]
-- 0.00
-- CBU-MAIN LIBRARY (Kitwe)
-- 1
-- 7.50
-- 1
-- AVAILABLE
-- Annex Low-Usage Collection
Holdings
Withdrawn status Lost status Source of classification or shelving scheme Damaged status Not for loan Home library Current library Shelving location Date acquired Total Checkouts Full call number Barcode Date last seen Price effective from Koha item type
          CBU-MAIN LIBRARY, KITWE. CBU-MAIN LIBRARY, KITWE.   11/30/2022   TH 2101 Tho 015320 11/30/2022 11/30/2022 MONOGRAPH